000 00353 a2200157 4500
001 62734
020 _a9789604434787
040 _cAnchieta - Pituba
100 _aMalkogianni, Marileni
240 1 0 _aThe African queen
_lIng
245 1 0 _aThe African queen
300 _a79
362 0 _a2008
650 4 _aLiteratura juvenil em inglês
942 _cBK
999 _c62734
_d62734